Comuni della Provincia di Caltanissetta - Statistics

Statistiche generali
  • Questo quiz è stato fatto 128 volte
  • Il punteggio medio è 17 su 22
Statistiche sulle risposte
Comune % Corretto
Caltanissetta
98%
Gela
94%
Acquaviva Platani
84%
Butera
84%
Milena
82%
Mussomeli
82%
Riesi
82%
Bompensiere
80%
Delia
80%
Resuttano
80%
San Cataldo
78%
Sutera
78%
Niscemi
76%
Serradifalco
76%
Mazzarino
73%
Montedoro
73%
Campofranco
71%
Santa Caterina Villarmosa
71%
Sommatino
69%
Villalba
67%
Marianopoli
59%
Vallelunga Pratameno
57%
Nessun quiz corrispondente trovato
Distribuzione punteggi
Percentuale di utenti per punteggio
Percentile per numero di risposta
I tuoi punteggi nel tempo
Non hai fatto questo quiz